000 00446nam a2200181Ia 4500
008 151202s9999||||xx |||||||||||||| ||und||
082 _bPNVM-20791
100 _aMATHEWS E. R.
245 _a"SEX, LOVE & SOCIETY."
260 _b"V.GOLLANCZ, LONDON."
260 _c1959
300 _a199
600 _aMATHEWS E. R.
630 _a"SEX, LOVE & SOCIETY."
700 _aMATHEWS E. R.
730 _a"SEX, LOVE & SOCIETY."
942 _cBOOK
999 _c1286769
_d1286766